Responses for Show #2339 - Thursday, November 3, 1994

Ryan Holznagel game 1.

Contestants

[<< previous game]

Ryan Holznagel, a software writer originally from Forest Grove, Oregon

Yung-Chang Chi, an import-export agent from Northridge, California

Russ Woodford, a guidance counselor from Sharpsburg, Maryland (whose 3-day cash winnings total $17,995)

[next game >>]

Jeopardy! Round responses

PHILADELPHIA
ALL THAT JAZZ
ANIMAL HOUSE
ENCHANTED APRIL
HIGH SOCIETY
THE FRENCH CONNECTION
    $100 6
the Liberty Bell

Ryan
    $100 2
Branford Marsalis

Ryan
    $100 1
the polar bear

Ryan
    $100 16
Rome

Yung-Chang
    $100 26
the Netherlands

Yung-Chang
    $100 21
credit cards

Russ
    $200 11
Grace Kelly

Russ
    $200 3
Billie Holiday

Yung-Chang
    $200 12
prairie dogs

Ryan
    $200 17
the Easter egg roll

Russ
    $200 27
"Commodore"

Russ
    $200 22
smoke

Russ
    $300 8
Norman Rockwell

Ryan
    $300 4
Gene Krupa

Russ
    $300 13
the yak

Ryan
    $300 18
South Pacific

Russ
    $300 28
(Ryan: Who is Onassis?)
(Alex: Be more specific.)

Christina Onassis

Ryan
    $300 23
an earache

Russ
    $400 9
(Ryan: What is Temple?)

the University of Pennsylvania

Ryan
Triple Stumper
    $400 5
Duke Ellington

Triple Stumper
    $400 14
the komodo dragon

Yung-Chang
    $400 19
(Yung-Chang: Who is John Glenn?)
...
(Alex: Yes. Soviets were there first.)

Yuri Gagarin

Yung-ChangRyan
    $400 29
(Russ: Who is Post?...)
(Alex: Know her name?)
(Russ: Who is Emily Post? [Laughs])

Marjorie Merriweather Post

Russ
Triple Stumper
    $400 24
swimming

Ryan
    $700 10
the Delaware River

Ryan
    $500 7
Quincy Jones

Ryan
    $500 15
the kookaburra

Russ
    $500 20
(Robert) Peary

Ryan
    $500 30
Barbara Hutton

Triple Stumper
    $500 25
All Saints Day

Russ

Scores at the first commercial break (after clue 15):

Russ Yung-Chang Ryan
$1,000 $600 $1,900

Scores at the end of the Jeopardy! Round:

Russ Yung-Chang Ryan
$2,400 $400 $3,500

Double Jeopardy! Round responses

WORLD HISTORY
AGRICULTURE
LITERATURE
FASHION FACTS
NOTABLE NAMES
HOTELS BY CITY
(Alex: We'll give you hotel; you indentify the city in which these hotels are found.)
    $200 1
Hitler

Ryan
    $200 21
corn

Ryan
    $200 16
"The Tortoise and the Hare"

Ryan
    $200 26
a kimono

Yung-Chang
    $200 11
Edison

Russ
    $200 2
Washington, D.C.

Russ
    $400 7
Libya

Ryan
    $400 22
Stalin

Russ
    $400 20
Strange Case of Dr Jekyll and Mr Hyde

Triple Stumper
    $400 27
gauchos

Russ
    $400 12
Sarah Bernhardt

Ryan
    $400 3
Rio de Janeiro

Ryan
    $600 8
the Black Hole of Calcutta

Russ
    $600 23
a hybrid

Russ
    $600 17
Nero Wolfe

Ryan
    $600 28
(Ryan: Who is Mother Goose?)
(Yung-Chang: Who is Tuffet?)

Mother Hubbard

Yung-ChangRyan
Triple Stumper
    $600 13
(Christopher) Wren

Yung-Chang
    $600 4
(Yung-Chang: What is New York?)

Boston

Yung-ChangRyan
    $800 9
Pyongyang

Yung-Chang
    $800 24
crop rotation

Ryan
    $800 18
Lord Fauntleroy

Ryan
    $800 29
a mule

Triple Stumper
    $1,000 14
(Yung-Chang: Uh, who was Taney?)

John Marshall

Yung-Chang
    $800 5
(Russ: What is Rome?)

Naples

Russ
Triple Stumper
    $1000 10
Harold II

Ryan
    $1000 25
hydroponics

Ryan
    $1,100 19
(Ryan: What is I Love Lucy?)
(Alex: Ha ha ha, not a bad guess, and a funny one.)

Alice Adams

Ryan
    $1000 30
Emilio Pucci

Triple Stumper
    $1000 15
Omar Khayyam

Russ
    $1000 6
Vienna

Russ

Scores at the end of the Double Jeopardy! Round:

Russ Yung-Chang Ryan
$6,000 -$200 $8,400

[wagering suggestions for these scores]

Final Jeopardy! Round responses

PLAYWRIGHTS
(Alex: Oddly enough, he did not win for his most famous play.)
...
(Alex: In 1967, A Delicate Balance; Seascape in 1975; and Three Tall Women this year.)
RussWho is Albee?
$6,000
RyanWho is Albee?
$3,773
Edward Albee

Final scores:

Russ Yung-Chang Ryan
$12,000 -$200 $12,173
2nd place: Broyhill's Fontana living room furniture set and Imperial wallcoverings 3rd place: the GoVideo patented dual-deck VCR New champion: $12,173

Game dynamics:

Coryat scores:

Russ Yung-Chang Ryan
$6,000 $800 $9,300
18 R,
2 W
7 R,
4 W
(including 1 DD)
24 R
(including 1 DD),
3 W
(including 1 DD)

Combined Coryat: $16,100

[game clues] [game scores] [suggest correction]

Game tape date: 1994-08-31
The J! Archive is created by fans, for fans. Scraping, republication, monetization, and malicious use prohibited; this site may use cookies and collect identifying information. See terms. The Jeopardy! game show and all elements thereof, including but not limited to copyright and trademark thereto, are the property of Jeopardy Productions, Inc. and are protected under law. This website is not affiliated with, sponsored by, or operated by Jeopardy Productions, Inc. Join the discussion at JBoard.tv.